English in action : Workbook

English in Action is a four-level core language series for secondary and adult students. Students master listening, speaking, reading, writing, and grammar through a variety of lively, classroom-tested, easy-to-use activities.

Bewaard in:
Bibliografische gegevens
Hoofdauteur: Foley, Barbara H.
Formaat: Boek
Taal:Undetermined
Gepubliceerd in: Boston, MA. Thomson/Heine 2004
Onderwerpen:
Tags: Voeg label toe
Geen labels, Wees de eerste die dit record labelt!
Thư viện lưu trữ: Trung tâm Học liệu Trường Đại học Cần Thơ
LEADER 00904nam a2200241Ia 4500
001 CTU_213768
008 210402s9999 xx 000 0 und d
082 |a 428.24076 
082 |b F663/T.4 
100 |a Foley, Barbara H. 
245 0 |a English in action : 
245 0 |b Workbook 
245 0 |c Barbara H. Foley, Elizabeth R. Neblett 
260 |a Boston, MA. 
260 |b Thomson/Heine 
260 |c 2004 
520 |a English in Action is a four-level core language series for secondary and adult students. Students master listening, speaking, reading, writing, and grammar through a variety of lively, classroom-tested, easy-to-use activities. 
650 |a English language,English language 
650 |x Grammar,Problems, exercises, etc. 
904 |i Qhieu 
910 |a Sách kèm đĩa số: AV.000769 
915 |a 400 
980 |a Trung tâm Học liệu Trường Đại học Cần Thơ